COMMUNITY HEALTH NURSING OF B.SC (Record no. 10920)

MARC details
000 -LEADER
fixed length control field 00337nam a22001457a 4500
003 - CONTROL NUMBER IDENTIFIER
control field SGT
020 ## - INTERNATIONAL STANDARD BOOK NUMBER
International Standard Book Number 978-93-85891-11-3
082 ## - DEWEY DECIMAL CLASSIFICATION NUMBER
Classification number 610.734
Item number C16B
100 ## - MAIN ENTRY--PERSONAL NAME
Personal name BASWANATHAPPA, B.T.
245 ## - TITLE STATEMENT
Title COMMUNITY HEALTH NURSING OF B.SC
260 ## - PUBLICATION, DISTRIBUTION, ETC. (IMPRINT)
Place of publication, distribution, etc INDIA
Name of publisher, distributor, etc JAYPEE
Year of Publication 2016
300 ## - PAGE DESCRIPTION
No. of Pages 762
650 ## - SUBJECT ADDED ENTRY--TOPICAL TERM
Topical term or geographic name as entry element PSYCHIATRIC
942 ## - ADDED ENTRY ELEMENTS (KOHA)
Source of classification or shelving scheme Dewey Decimal Classification
Koha item type Books
942 ## - ADDED ENTRY ELEMENTS (KOHA)
-- 64
Holdings
Withdrawn status Lost status Source of classification or shelving scheme Damaged status Not for loan Collection code Home library Current library Shelving location Date acquired Vendor Name Cost, normal purchase price Volume Information (Serial or Books or Non-Book Material) SGTU Bill Number Total Checkouts Full call number Accession No. (Barcode) Date last seen Date last borrowed Bill Date Koha item type Total Renewals
    Dewey Decimal Classification     NURSING SGT Medical Library SGT Medical Library Text Book 13/02/2017 ABC 1550.00 I SGTU 7429 24 610.734 C16B FN3352 08/11/2025 27/10/2025 04/11/2016 Books  
    Dewey Decimal Classification     NURSING SGT Medical Library SGT Medical Library Text Book 13/02/2017 ABC 1550.00 I SGTU 7429 18 610.734 C16B FN3353 22/11/2024 29/10/2024 04/11/2016 Books  
    Dewey Decimal Classification     NURSING SGT Medical Library SGT Medical Library Text Book 13/02/2017 ABC 1550.00 I SGTU 7429 28 610.734 C16B FN3354 07/01/2026 07/01/2026 04/11/2016 Books  
    Dewey Decimal Classification     NURSING SGT Medical Library SGT Medical Library Text Book 13/02/2017 ABC 1550.00 II SGTU 7429 33 610.734 C16B FN3355 29/12/2025 16/12/2025 04/11/2016 Books  
    Dewey Decimal Classification     NURSING SGT Medical Library SGT Medical Library Text Book 13/02/2017 ABC 1550.00 II SGTU 7429 29 610.734 C16B FN3356 06/01/2026 19/12/2025 04/11/2016 Books 1
    Dewey Decimal Classification     NURSING SGT Medical Library SGT Medical Library Text Book 13/02/2017 ABC 1550.00 II SGTU 7429 32 610.734 C16B FN3357 06/01/2026 30/12/2025 04/11/2016 Books